<?xml version="1.0" encoding="UTF-8"?>
<record
    xmlns:xsi="http://www.w3.org/2001/XMLSchema-instance"
    xsi:schemaLocation="http://www.loc.gov/MARC21/slim http://www.loc.gov/standards/marcxml/schema/MARC21slim.xsd"
    xmlns="http://www.loc.gov/MARC21/slim">

  <leader>01541nam0a2200361 i 4500</leader>
  <controlfield tag="001">RU\NLR\bibl\1907942</controlfield>
  <controlfield tag="005">20240921111607.0</controlfield>
  <datafield tag="010" ind1=" " ind2=" ">
    <subfield code="a">9785494000408</subfield>
    <subfield code="9">2000</subfield>
  </datafield>
  <datafield tag="021" ind1=" " ind2=" ">
    <subfield code="a">RU</subfield>
    <subfield code="b">2012-29718</subfield>
    <subfield code="9">2206</subfield>
  </datafield>
  <datafield tag="035" ind1=" " ind2=" ">
    <subfield code="a">(nilc)RSL-KNO-005429927</subfield>
  </datafield>
  <datafield tag="035" ind1=" " ind2=" ">
    <subfield code="a">(NLR Aleph) 001897502</subfield>
  </datafield>
  <datafield tag="090" ind1=" " ind2=" ">
    <subfield code="a">3003365</subfield>
    <subfield code="c">3003365</subfield>
  </datafield>
  <datafield tag="100" ind1=" " ind2=" ">
    <subfield code="a">20120502d2012    u  y0rusy50      ca</subfield>
  </datafield>
  <datafield tag="101" ind1="0" ind2=" ">
    <subfield code="a">rus</subfield>
  </datafield>
  <datafield tag="102" ind1=" " ind2=" ">
    <subfield code="a">RU</subfield>
  </datafield>
  <datafield tag="105" ind1=" " ind2=" ">
    <subfield code="a">y   |||||||||</subfield>
  </datafield>
  <datafield tag="200" ind1="1" ind2=" ">
    <subfield code="a">&#x410;&#x442;&#x442;&#x435;&#x441;&#x442;&#x430;&#x446;&#x438;&#x44F; &#x43F;&#x435;&#x434;&#x430;&#x433;&#x43E;&#x433;&#x43E;&#x432;</subfield>
    <subfield code="e">&#x443;&#x447;&#x435;&#x431;&#x43D;&#x43E;-&#x43C;&#x435;&#x442;&#x43E;&#x434;&#x438;&#x447;&#x435;&#x441;&#x43A;&#x438;&#x439; &#x43A;&#x43E;&#x43C;&#x43F;&#x43B;&#x435;&#x43A;&#x442; "&#x41F;&#x435;&#x440;&#x441;&#x43F;&#x435;&#x43A;&#x442;&#x438;&#x432;&#x43D;&#x430;&#x44F; &#x43D;&#x430;&#x447;&#x430;&#x43B;&#x44C;&#x43D;&#x430;&#x44F; &#x448;&#x43A;&#x43E;&#x43B;&#x430;"</subfield>
    <subfield code="f">[&#x421;&#x43E;&#x43B;&#x43E;&#x43C;&#x430;&#x442;&#x438;&#x43D; &#x410;. &#x41C;., &#x427;&#x443;&#x440;&#x430;&#x43A;&#x43E;&#x432;&#x430; &#x420;. &#x413;.]</subfield>
  </datafield>
  <datafield tag="210" ind1=" " ind2=" ">
    <subfield code="a">&#x41C;&#x43E;&#x441;&#x43A;&#x432;&#x430;</subfield>
    <subfield code="c">&#x410;&#x43A;&#x430;&#x434;&#x435;&#x43C;&#x43A;&#x43D;&#x438;&#x433;&#x430;/&#x423;&#x447;&#x435;&#x431;&#x43D;&#x438;&#x43A;</subfield>
    <subfield code="d">2012</subfield>
  </datafield>
  <datafield tag="215" ind1=" " ind2=" ">
    <subfield code="a">167, [1] &#x441;.</subfield>
    <subfield code="d">20</subfield>
  </datafield>
  <datafield tag="225" ind1="1" ind2=" ">
    <subfield code="a">&#x411;&#x438;&#x431;&#x43B;&#x438;&#x43E;&#x442;&#x435;&#x43A;&#x430; &#x440;&#x443;&#x43A;&#x43E;&#x432;&#x43E;&#x434;&#x438;&#x442;&#x435;&#x43B;&#x44F; &#x438; &#x43C;&#x435;&#x442;&#x43E;&#x434;&#x438;&#x441;&#x442;&#x430;</subfield>
    <subfield code="e">&#x432;&#x432;&#x435;&#x434;&#x435;&#x43D;&#x438;&#x435; &#x424;&#x413;&#x41E;&#x421;</subfield>
  </datafield>
  <datafield tag="225" ind1="1" ind2=" ">
    <subfield code="a">&#x41F;&#x435;&#x440;&#x441;&#x43F;&#x435;&#x43A;&#x442;&#x438;&#x432;&#x43D;&#x430;&#x44F; &#x43D;&#x430;&#x447;&#x430;&#x43B;&#x44C;&#x43D;&#x430;&#x44F; &#x448;&#x43A;&#x43E;&#x43B;&#x430;</subfield>
  </datafield>
  <datafield tag="320" ind1=" " ind2=" ">
    <subfield code="a">&#x411;&#x438;&#x431;&#x43B;&#x438;&#x43E;&#x433;&#x440;.: &#x441;. 155-156 (17 &#x43D;&#x430;&#x437;&#x432;.) &#x438; &#x432; &#x43F;&#x440;&#x438;&#x43B;. &#x432; &#x43A;&#x43E;&#x43D;&#x446;&#x435; &#x43A;&#x43D;.</subfield>
  </datafield>
  <datafield tag="606" ind1="1" ind2=" ">
    <subfield code="a">&#x423;&#x447;&#x438;&#x442;&#x435;&#x43B;&#x44F; &#x43D;&#x430;&#x447;&#x430;&#x43B;&#x44C;&#x43D;&#x43E;&#x439; &#x448;&#x43A;&#x43E;&#x43B;&#x44B;</subfield>
    <subfield code="j">&#x423;&#x447;&#x435;&#x431;&#x43D;&#x43E;-&#x43C;&#x435;&#x442;&#x43E;&#x434;&#x438;&#x447;&#x435;&#x441;&#x43A;&#x438;&#x435; &#x43F;&#x43E;&#x441;&#x43E;&#x431;&#x438;&#x44F;</subfield>
    <subfield code="x">&#x410;&#x442;&#x442;&#x435;&#x441;&#x442;&#x430;&#x446;&#x438;&#x44F;</subfield>
    <subfield code="9">1644487</subfield>
    <subfield code="3">RU\NLR\auth\661025771</subfield>
  </datafield>
  <datafield tag="686" ind1=" " ind2=" ">
    <subfield code="a">&#x427;424(2)&#x43F;2,0</subfield>
    <subfield code="2">rubbk</subfield>
  </datafield>
  <datafield tag="686" ind1=" " ind2=" ">
    <subfield code="a">&#x427;42&#x43F;2&#x44F;7</subfield>
  </datafield>
  <datafield tag="686" ind1=" " ind2=" ">
    <subfield code="a">&#x427;421.421,01&#x44F;7</subfield>
  </datafield>
  <datafield tag="702" ind1=" " ind2="1">
    <subfield code="a">&#x421;&#x43E;&#x43B;&#x43E;&#x43C;&#x430;&#x442;&#x438;&#x43D;</subfield>
    <subfield code="b">&#x410;. &#x41C;.</subfield>
    <subfield code="4">220</subfield>
  </datafield>
  <datafield tag="801" ind1=" " ind2="0">
    <subfield code="a">RU</subfield>
    <subfield code="b">RuMoRKP</subfield>
    <subfield code="c">20120502</subfield>
    <subfield code="g">rcr</subfield>
  </datafield>
  <datafield tag="801" ind1=" " ind2="1">
    <subfield code="a">RU</subfield>
    <subfield code="b">&#x420;&#x413;&#x411;</subfield>
    <subfield code="c">20120502</subfield>
  </datafield>
  <datafield tag="801" ind1=" " ind2="2">
    <subfield code="a">RU</subfield>
    <subfield code="b">NLR</subfield>
    <subfield code="c">20120530</subfield>
    <subfield code="g">rcr</subfield>
  </datafield>
  <datafield tag="942" ind1=" " ind2=" ">
    <subfield code="c">BOOK</subfield>
  </datafield>
  <datafield tag="980" ind1=" " ind2=" ">
    <subfield code="a">NBR</subfield>
  </datafield>
</record>
